000 01358nam a22002417a 4500
008 240308s2020 xxk|||||o|||| 00| 0 eng d
041 _aeng
110 _aRoyal Institution of Chartered Surveyors
245 _aRules for the registration of firms
_h[old edition]
250 _aVersion 6 with effect from 2 March 2020
260 _aLondon,
_bRoyal Institution of Chartered Surveyors,
_c2020
300 _a8p.
490 _aRICS Regulation
500 _aThese Rules are made by the Standards and Regulation Board in accordance with Bye-Law 2.5.1 under powers provided by Regulation 7.2.4.
500 _aeffective 2 March 2020. Supersede version 5 which was effective from 31 March 2017
520 _aThese rules set out: which Firms are required to register with RICS for regulation; circumstances in which a Firm is eligible to apply for regulation, even though it is not required to do so; the procedure for registration, deregistration and appeal and; together with the Rules of Conduct, the obligations of registration
650 _aREGULATION
650 _aRULES OF CONDUCT
651 _aUnited Kingdom
710 _aRoyal Institution of Chartered Surveyors
856 _uhttps://www.rics.org/profession-standards/knowledge-and-information-services/document-delivery-and-other-kis-fees
_zemail [email protected] for a copy
942 _n0
999 _c121829
_d121829